000
00251nas a2200121 4500
001
CDOM0000000494
003
mi
005
20250923150703.0
008
250820b |||||||| |||| 00| 0 eng d
040
_c
mi
245
1
_a
Famiglia Oggi
942
_2
ddc
_c
CR
999
_c
3788
_d
3788